The history of co-operation (Record no. 368554)

000 -LEADER
fixed length control field 00375cam a22001337a 4500
008 - FIXED-LENGTH DATA ELEMENTS--GENERAL INFORMATION
fixed length control field 180718b1908 xxu||||| |||| 00| 0 eng d
082 ## - DEWEY DECIMAL CLASSIFICATION NUMBER
Classification number T19x42 H748
100 ## - MAIN ENTRY--PERSONAL NAME
Personal name Holyoake, George Jacob
245 ## - TITLE STATEMENT
Title The history of co-operation
Statement of responsibility, etc. by George Jacob Holyoake
250 ## - EDITION STATEMENT
Edition statement rev. ed.
260 ## - PUBLICATION, DISTRIBUTION, ETC.
Place of publication, distribution, etc. London
Name of publisher, distributor, etc. T. Fisher Unwin
Date of publication, distribution, etc. 1908
300 ## - PHYSICAL DESCRIPTION
Extent 691p.
650 ## - SUBJECT ADDED ENTRY--TOPICAL TERM
Topical term or geographic name entry element Cooperations - U.K.
Holdings
Withdrawn status Lost status Damaged status Not for loan Permanent Location Current Location Date acquired Full call number Barcode Date last seen Price effective from Koha item type
        Indian Institute of Public Administration Indian Institute of Public Administration 2010-01-13 T19x42 H748 A305 2018-07-21 2018-07-21 A

Powered by Koha